FILMCRITICA, ANNO 42-N.420 (DICEMBRE 1991) (Record n. 167788)

Dettagli MARC
000 -LEADER
fixed length control field 00933nas a2200253Ia 4500
001 - CONTROL NUMBER
control field R017/A5535
003 - CONTROL NUMBER IDENTIFIER
control field IT-RoPAU
008 - FIXED-LENGTH DATA ELEMENTS--GENERAL INFORMATION
fixed length control field 151124c99999999xx |||||||||||| ||und||
040 ## - CATALOGING SOURCE
Original cataloging agency IT-RoPAU
040 ## - CATALOGING SOURCE
Transcribing agency IT-RoPAU
041 ## - LANGUAGE CODE
Language code of text/sound track or separate title ITALIANO
100 ## - MAIN ENTRY--PERSONAL NAME
Personal name Moneta Fernanda
Miscellaneous information Codice Aut. SPICS: 31404
210 ## - ABBREVIATED TITLE
Abbreviated title FILMCRITICA
222 ## - KEY TITLE
Key title Filmcritica
245 ## - TITLE STATEMENT
Title FILMCRITICA, ANNO 42-N.420 (DICEMBRE 1991)
Remainder of title Storie di Pugni, di Carne E D'Amore
250 ## - EDITION STATEMENT
Edition statement 1a ed.
260 ## - PUBLICATION, DISTRIBUTION, ETC. (IMPRINT)
Place of publication, distribution, etc. MONTEPULCIANO
Name of publisher, distributor, etc. EDITORI DEL GRIFO
Date of publication, distribution, etc. 1991
300 ## - PHYSICAL DESCRIPTION
Extent 8 p. [578-585]
362 ## - DATES OF PUBLICATION AND/OR SEQUENTIAL DESIGNATION
Dates of publication and/or sequential designation ANNO 042, N.420 (DICEMBRE 1991)
501 ## - WITH NOTE
-- Paulus - SPICS - Società San Paolo EM (non-commercial uses only)
-- Copyright2015
500 ## - GENERAL NOTE
General note Torino Cinema Giovani 1991: Relazione Sul Festival e Note Critiche su Alcuni Film Presentati Come: le Mosche in Testa di Daria Menozzi e Gabriella Morandi.
650 ## - SUBJECT ADDED ENTRY--TOPICAL TERM
Topical term or geographic name as entry element CINEMA
Form subdivision PUBBLICAZIONE PERIODICA
942 ## - ADDED ENTRY ELEMENTS (KOHA)
Koha item type RIVISTA
Dati di copia
Withdrawn status Lost status Damaged status Not for loan Home library Current library Date acquired Total Checkouts Full call number Date last seen Price effective from Koha item type Public note
    Buone Condizioni Not For Loan SPICS-MEDIATECA SPICS-MEDIATECA 25/11/2015   R017/A5535 25/11/2015 25/11/2015 RIVISTA Progr. Ins: 26260 / Copia rara: NO / date import: 25.11.2015 / By Epidotti, Trombetti, Vaglietti
CREDITS: SOCIETA' SAN PAOLO Via A.Severo, 58 - ROMA (RM) & PERIODICI SAN PAOLO SRL Via Giotto, 36 MILANO & CISF Via Giotto, 36 MILANO & EDIZIONI SAN PAOLO SRL,  Piazza Soncino, 5 CINISELLO BALSAMO (MI) -- ITALY